000 01465cam5a220030101 4500
001 qce01773923
005 20190826084923.0
008 750806s1963 ja 100 0 eng u
010 _a 64005536
035 _a(Sirsi) r15896
035 _a(QCAT)lss00934727
035 _a(UPRA)qce01773923
040 _dUPRA
050 0 _aQD901
_b.I513 1962
111 2 _aInternational Conference on Crystal Lattice Defects (1962 : Tokyo and Kyoto)
_dInternational Conference on Crystal Lattice Defects (1962 : Tokyo and Kyoto)
_cInternational Conference on Crystal Lattice Defects (1962 : Tokyo and Kyoto)
_6A72978.1
245 1 0 _aProceedings.
260 _a[Tokyo] :
_bPhysical Society of Japan,
_c1963.
490 0 _aJournal of the Physical Society of Japan, v. 18. Supplement 1-3
_6S11512.1
500 _aOrganized by the Physical Society of Japan ... [and] held under the auspices of the International Union of Pure and Applied Physics.
504 _aIncludes bibliographies.
650 0 _aCrystal lattices -- Congresses.
_xCrystal lattices -- Congresses.
_6S54404.1
710 2 _aNihon Butsuri Gakkai.
_6A52817.1
710 2 _aInternational Union of Pure and Applied Physics. (Series: Nippon Butsurigakkai. Journal, v. 18. Supplement 1-3.
_6A72979.1
949 _aQD901
_vVOL. 1
_wlcc
_i-10684
_mMAIN
_tBOOK
_lON-SHELF
949 _aQD901
_vVOL. 2
_wlcc
_i-10685
_mMAIN
_tBOOK
_lON-SHELF
949 _aQD901
_vVOL. 3
_wlcc
_i-10686
_mMAIN
_tBOOK
_lON-SHELF
004 15896
999 _c157981
_d157981